000 00419ntaaa2200169 4500
003 01
005 20251027202435.0
008 0714s1973 ag 01
040 _aAR-BaBN
_bspa
_cAR-BaBN
_eaacr
_dRIC
082 _a265.8000 Ye4
100 _aYeoman, Lilian B.
_923280
245 _aSendero regio a la villa de salud
250 _a1 ed. :
_bs.l.,
_cn.f.
300 _a63 p.
650 _aSanidad Divina
_91812
942 _cBK
999 _c19379
_d19379